Comdex Tally 9 Course Kit / (Record no. 524)

000 -LEADER
fixed length control field 00588nam a2200205 a 4500
008 - FIXED-LENGTH DATA ELEMENTS--GENERAL INFORMATION
fixed length control field 190805r20082011ii a|||gr|||||||0 ||eng||
020 ## - INTERNATIONAL STANDARD BOOK NUMBER
International Standard Book Number 9788177228106
Terms of availability Rs. 269.00
040 ## - CATALOGING SOURCE
Original cataloging agency IMU Kochi Library
Language of cataloging eng
041 0# - LANGUAGE CODE
Language code of text/sound track or separate title eng
044 ## - COUNTRY OF PUBLISHING/PRODUCING ENTITY CODE
MARC country code India
082 04 - DEWEY DECIMAL CLASSIFICATION NUMBER
Edition number 23
Classification number 657.0285
Item number Ag81
100 1# - MAIN ENTRY--PERSONAL NAME
Personal name Agrawal, Namrata
245 10 - TITLE STATEMENT
Title Comdex Tally 9 Course Kit /
260 ## - PUBLICATION, DISTRIBUTION, ETC. (IMPRINT)
Place of publication, distribution, etc New Delhi :
Name of publisher, distributor, etc Dreamtech Press
Date of publication, distribution, etc 2008, reprinted 2011
300 ## - PHYSICAL DESCRIPTION
Extent xix, 391 p. :
Other physical details ill. ;
Dimensions 24 cm. +
Accompanying material 1 CD-ROM
650 #0 - SUBJECT ADDED ENTRY--TOPICAL TERM
Topical term or geographic name as entry element Accounting
Form subdivision Textbook
700 1# - ADDED ENTRY--PERSONAL NAME
Personal name Kumar, Sanjay
Relator term Joint Author
852 ## - LOCATION/CALL NUMBER
Location IMU Kochi Library
942 ## - ADDED ENTRY ELEMENTS (KOHA)
Item type Books
Holdings
Withdrawn status Lost status Source of classification or shelving scheme Damaged status Not for loan Collection code Permanent location Current location Shelving location Date acquired Source of acquisition Cost, normal purchase price Total Checkouts Full call number Barcode Date last seen Date last borrowed Koha item type Public note
          Management Studies IMU Kochi Library IMU Kochi Library General Stacks 2013-03-25 Orient Book House 0.00 2 657.0285 Ag81 BK000810 2023-05-10 2023-04-27 Books Gen. Shelf-17, Row-1
          Management Studies IMU Kochi Library IMU Kochi Library Staff Office 2013-03-25 Accompanying Material (free with textbook)     657.0285 Ag81 CD 000810CD 2020-09-14   Compact Disc Circulation Sec, Drawer No.4


Copyright © All Rights Reserved by Indian Maritime University, Kochi Campus.
For any Suggestions/Query Contact to library or Email: library.kochi@imu.ac.in Ph:(0484)-2989402
(Web OPAC Designed by Rudra Ranjan. Maintained by IMU Kochi Library)

Powered by Koha